000 00733nam a22001937a 4500
999 _c170095
_d170095
005 20191210172450.0
010 _aB-70241
020 _c150.00
_a-
035 _aB-70241
037 _bBPPD
082 _a070.17
100 _aکا ظمی عا شو ر
245 _aبيسو يں صد ی کے ا ر د و ا خبا ر ا ت و ر سا يل مغر بی د نيا ميں
_cکا ظمی عا شو ر
246 _aBisween Sadi kay Urdu Akhbaraat -o-Rasail Maghrabi Duniya Mein(Urdu)
_bby Syed Ashoor Kazmi
260 _aLucknow
_c1992 ء
_bInstitut of third world Artist & Literature
270 _a16 Windermere Road, W5 4TD
_bLondon
_k-
_e-
300 _a211 ص
_c22 cm(hb)
942 _2ddc
_cUR
_h070.17
_mک ا ظ